Statistics for Identify the Bond film from the Bond Gadget

Click here to take the quiz!

General Stats

  • This quiz has been taken 18 times
  • The average score is 10 of 15

Answer Stats

HintFilm% Correct
Prosthetic third nippleThe Man With The Golden Gun
100%
Briefcase with dagger, gold coins and tear gasFrom Russia With Love
88%
Fake fingerprintsDiamonds Are Forever
81%
Exploding penGoldeneye
81%
Ski pole gunThe Spy Who Loved Me
81%
Bell rocket jet packThunderball
81%
Ski jacket with escape podThe World Is Not Enough
75%
Mini-rocket cigaretteYou Only Live Twice
69%
Magnetic wristwatch with buzzsawLive And Let Die
63%
Wrist dart gunMoonraker
63%
Wetsuit with seagull disguiseGoldfinger
56%
Camera ringA View To A Kill
50%
Whistle activated key ring finderThe Living Daylights
50%
Ericsson mobile with fingerprint scanner & taserTomorrow Never Dies
50%
Ultra high-frequency single digit sonic agitator ringDie Another Day
44%

Score Distribution

Percentile by Number Answered

Percent of People with Each Score

Your Score History

You have not taken this quiz